| 000 | 00647nam a22001935i 4500 | ||
|---|---|---|---|
| 001 | 156594 | ||
| 003 | ES-MaACL | ||
| 005 | 20250814064713.0 | ||
| 008 | 040802s1878 gw |||| | ger d | ||
| 040 |
_aCAM _bspa _cCAM |
||
| 100 | 1 |
_aKiepert, Heinrich, _d1818-1899 _9128452 |
|
| 245 | 1 | 0 |
_aLehrbuch der alten geographie / _cvon Heinrich Kiepert. |
| 260 |
_aBerlín : _bverlag von Dietrich Reimer, _c1878 ( _fdruck von Kerskes & Hohmann) |
||
| 300 |
_aXVI, 544 p. ; _c24 cm. |
||
| 650 | 7 |
_aGeografía antigua _2embne _9136173 |
|
| 752 |
_aAlemania - _cBerlín |
||
| 852 |
_aES-MaACL _jG-2819 _z-- Enc. hol. |
||
| 999 |
_c156594 _d156594 |
||